000 00402nam a22001697a 4500
005 20160614120208.0
008 160614b xxu||||| |||| 00| 0 eng d
020 _a81-219-2550-9
041 _aeng
082 _b7397
100 _aVerma, Dr Shaline
_91798
245 _aBody language
260 _aNew Delhi
_bSultan Chand & Sons,
_c2010
300 _a170
650 _aManagement
_9241
942 _cBK
999 _c2636
_d2635